Detekcia orientovaných izočiar v segmentovanom obraze a ich úprava na základe štatistiky
Enregistré dans:
| Auteur principal: | |
|---|---|
| Autres auteurs: | |
| Format: | Manuscrit Livre |
| Langue: | slovaque |
| Publié: |
2023
|
| Sujets: | |
| Accès en ligne: | http://is.stuba.sk/zp/portal_zp.pl?podrobnosti=161788 https://opac.crzp.sk/?fn=detailBiblioForm&sid=D51643D01657CDEC2994B1F06848 |
| Tags: |
Pas de tags, Soyez le premier à ajouter un tag!
|
MARC
| LEADER | 00000ntm a22000003a 4500 | ||
|---|---|---|---|
| 001 | stuzp93619 | ||
| 003 | SK-STU | ||
| 005 | 20230918155253.2 | ||
| 007 | ta | ||
| 008 | 150427s2015----xo-----f-mn---000-0-slo-d | ||
| 040 | |a STU |b slo | ||
| 041 | 0 | |a slo | |
| 100 | 1 | |a Káčer, Katarina |u 010220 |4 aut |U SvF Stavebná fakulta |T SvF Katedra matematiky a deskriptívnej geometrie |X 110056 |U V220 |Y 23 |7 110056 | |
| 242 | 0 | 1 | |a Detection of oriented isolines in a segmented image and their adjustment according to stastistics |y eng |
| 245 | 1 | 0 | |a Detekcia orientovaných izočiar v segmentovanom obraze a ich úprava na základe štatistiky |
| 260 | |c 2023 | ||
| 650 | 4 | |a izočiary |2 slo | |
| 650 | 4 | |a segmentácia obrazu |2 slo | |
| 650 | 4 | |a C++ |2 slo | |
| 650 | 4 | |a prahovanie |2 slo | |
| 650 | 4 | |a thresholding |2 eng | |
| 650 | 4 | |a isolines |2 eng | |
| 650 | 4 | |a image segmentation |2 eng | |
| 650 | 4 | |a C++ |2 eng | |
| 700 | 1 | |a Krivá, Zuzana |u 010220 |k Z1 |4 ths |U SvF Stavebná fakulta |T SvF Katedra matematiky a deskriptívnej geometrie |X 796 |U V220 |Y 23 |7 A000000796 | |
| 856 | 4 | |u http://is.stuba.sk/zp/portal_zp.pl?podrobnosti=161788 | |
| 856 | 4 | |u https://opac.crzp.sk/?fn=detailBiblioForm&sid=D51643D01657CDEC2994B1F06848 | |